000 00474nam a2200193Ia 4500
005 20240823053208.0
008 240823s9999||||xx |||||||||||||| ||und||
020 _a978-81-265-5337-2
041 _aENGLISH
082 _A006.31 Q5
100 _aJason Bell
245 0 _aMachine Learning for Big Data
250 _a1st
260 _c2015
_bWiley India Pv
_aNew Delhi
500 _aYES
650 _aMachine Learning
_bComputer Science
942 _cBK
999 _c223620
_d223620